header

Robots in space (Record no. 91685)

MARC details
000 -LEADER
fixed length control field 01769nam a2200361 a 4500
082 04 - DEWEY DECIMAL CLASSIFICATION NUMBER
Classification number 629.4
100 1# - MAIN ENTRY--AUTHOR NAME
Personal name Launius, Roger D.
245 10 - TITLE STATEMENT
Title Robots in space
260 ## - PUBLICATION, DISTRIBUTION, ETC. (IMPRINT)
Place of publication Baltimore :
Name of publisher Johns Hopkins University Press,
Year of publication c2008.
300 ## - PHYSICAL DESCRIPTION
Number of Pages xx, 313 p. :
Other physical details ill.
490 1# - SERIES STATEMENT
Series statement New series in NASA history
505 0# - FORMATTED CONTENTS NOTE
Formatted contents note Introduction : a false dichotomy -- The human/robot debate -- Human spaceflight as utopia -- Promoting the human dimension -- Robotic spaceflight in popular culture -- The new space race -- Interstellar flight and the human future in space -- Homo sapiens, transhumanism, and the postbiological universe -- An alternative paradigm? -- Appendix : Inadequate words.
650 #0 - SUBJECT ADDED ENTRY--TOPICAL TERM
Topical Term Robots.
Topical Term Space robotics.
700 1# - ADDED ENTRY--PERSONAL NAME
Personal name McCurdy, Howard E.
856 40 - ELECTRONIC LOCATION AND ACCESS
Uniform Resource Identifier http://site.ebrary.com/lib/rucke/Doc?id=10389797

No items available.

© 2026 Rongo University
Contact us: librarian | system librarian | Rongo university